Statistics for Formula 2 Champions

Click here to take the quiz!

General Stats

  • This quiz has been taken 94 times
    (77 since last reset)
  • The average score is 17 of 56

Answer Stats

YearDriverCountry% Correct
2017Charles LeclercMonaco
97%
2018George RussellUnited Kingdom
96%
2020Mick SchumacherGermany
96%
2019Nyck de VriesNetherlands
96%
2021Oscar PiastriAustralia
94%
2016Pierre GaslyFrance
93%
2022Felipe DrugovichBrazil
82%
2006Lewis HamiltonUnited Kingdom
79%
2010Pastor MaldonadoVenezuela
78%
2015Stoffel VandoorneBelgium
75%
2005Nico RosbergGermany
67%
2011Romain GrosjeanFrance
54%
1998Juan Pablo MontoyaColombia
51%
2009Nico HülkenbergGermany
49%
2007Timo GlockGermany
39%
2014Jolyon PalmerUnited Kingdom
37%
1983Jonathan PalmerUnited Kingdom
37%
1971Ronnie PetersonSweden
36%
1967Jacky IckxBelgium
34%
1970Clay RegazzoniSwitzerland
33%
1989Jean AlesiFrance
33%
1993Olivier PanisFrance
31%
1976Jean-Pierre JabouilleFrance
27%
1977René ArnouxFrance
27%
2012Davide ValsecchiItaly
24%
1975Jacques LaffiteFrance
24%
1999Nick HeidfeldGermany
21%
1991Christian FittipaldiBrazil
18%
1973Jean-Pierre JarierFrance
16%
2008Giorgio PantanoItaly
15%
1968Jean-Pierre BeltoiseFrance
15%
2004Vitantonio LiuzziItaly
13%
2013Fabio LeimerSwitzerland
12%
1974Patrick DepaillerFrance
12%
1997Ricardo ZontaBrazil
9%
1982Corrado FabiItaly
7%
1996Jörg MüllerGermany
6%
1988Roberto MorenoBrazil
6%
2002Sébastien BourdaisFrance
6%
1978Bruno GiacomelliItaly
4%
2001Justin WilsonUnited Kingdom
4%
1979Marc SurerSwitzerland
4%
2003Björn WirdheimSweden
3%
1990Érik ComasFrance
3%
1994Jean-Christophe BoullionFrance
3%
1987Stefano ModenaItaly
3%
1980Brian HentonUnited Kingdom
1%
2000Bruno JunqueiraBrazil
1%
1985Christian DannerGermany
1%
1981Geoff LeesUnited Kingdom
1%
1986Ivan CapelliItaly
1%
1969Johnny Servoz-GavinFrance
1%
1992Luca BadoerItaly
1%
1972Mike HailwoodUnited Kingdom
1%
1984Mike ThackwellNew Zealand
1%
1995Vincenzo SospiriItaly
1%

Score Distribution

Percentile by Number Answered

Percent of People with Each Score

Your Score History

You have not taken this quiz since the last reset